| 000 | 00344nam a22001337a 4500 | ||
|---|---|---|---|
| 005 | 20260328110728.0 | ||
| 008 | 260328b |||||||| |||| 00| 0 eng d | ||
| 020 | _a9788183822299 | ||
| 050 |
_aPE1131 _b.G95 GUL |
||
| 100 | _aGulati S. K. | ||
| 245 |
_aCommon Phrases _cS. K. Gulati |
||
| 260 |
_aNew Delhi _bLotus Press _c2010 |
||
| 942 |
_2lcc _cBK _n0 |
||
| 999 |
_c9205 _d9205 |
||